Use of reclaimed nitrile rubber gloves as partial replacement of virgin nitrile butadiene rubber in thermoplastic vulcanisates (Record no. 71921)
[ view plain ]
| 000 -LEADER | |
|---|---|
| fixed length control field | 01547nam a2200181Ia 4500 |
| 100 ## - MAIN ENTRY--AUTHOR NAME | |
| Personal name | Dayang Habibah Abang Ismawi Hassim |
| 245 #0 - TITLE STATEMENT | |
| Title | Use of reclaimed nitrile rubber gloves as partial replacement of virgin nitrile butadiene rubber in thermoplastic vulcanisates |
| 260 ## - PUBLICATION, DISTRIBUTION, ETC. (IMPRINT) | |
| Name of publisher | Journal of Rubber Research |
| Year of publication | 2011 |
| 300 ## - PHYSICAL DESCRIPTION | |
| Number of Pages | 78-88 |
| 500 ## - GENERAL NOTE | |
| General note | Source Year: 2011 |
| 520 ## - SUMMARY, ETC. | |
| Summary, etc | Recycled gloves can be used as a cheapener to make conventional rubber products. In this study, the feasibility of reclaimed NBR gloves (r-NBRG) in thermoplastic vulcanisates (TPVs) based on nitrile butadiene rubber (NBR) and polypropylene (PP) blend using the injection moulding process was investigated. The NBR based TPV obtained from this process has many advantages compared to conventional rubber products. Among the outstanding advantages are the ability of TPV to be recycled easily and the higher value-added products obtained from TPV as compared to vulcanised rubber products. This paper describe the effect of r-NBRG as a partial replacement for virgin NBR on the properties of the TPV system. The curing systems selected were based on the sulphur-accelerated curing system and peroxide curing system. The results indicate potential reduction in production costs with the possible replacement of up to 70 p.p.h.r virgin NBR with r-NBRG in the TPV systems. |
| 650 ## - SUBJECT ADDED ENTRY--TOPICAL TERM | |
| Topical Term | Blends |
| 650 ## - SUBJECT ADDED ENTRY--TOPICAL TERM | |
| Topical Term | Nitrile rubber gloves |
| 650 ## - SUBJECT ADDED ENTRY--TOPICAL TERM | |
| Topical Term | Reclaimed |
| 650 ## - SUBJECT ADDED ENTRY--TOPICAL TERM | |
| Topical Term | Thermoplastic vulcanisates |
| 942 ## - ADDED ENTRY ELEMENTS (KOHA) | |
| Koha item type | Journals |
| Withdrawn status | Lost status | Damaged status | Not for loan | Home library | Current library | Shelving location | Date acquired | Serial Enumeration / chronology | Koha item type |
|---|---|---|---|---|---|---|---|---|---|
| Journals | RRII Library | RRII Library | Rubber technology | 04/10/2011 | Volume 14, Issue 2 | Journals |